000 00517nam a2200181 4500
005 20240320165925.0
010 _aENG-139801
020 _a9789390746088
_c1028.00
035 _aEN-123333
037 _bDBAD/PUB
082 _aN
100 _aIroka, Chinweike E.
_963701
245 _aFading Light/
_cBy Chinweike E. Iroka
260 _aKolkata
_bExceller Books
_c2020
270 _aG1, Dream Apartment, Degree College Road, Belgharia
_bKolkata
_e700056
300 _a131p.;
_c21cm(pbk)
942 _2ddc
_cEN
_hN
_mIRO
999 _c201669
_d201669